00281cam6a220012100 4500001001200000008004100012035001900053035001800072100002500090245002800115260001000143004000600153zam00003661951128s1976 xx eng u a(Sirsi) r20980 a(MACHINE)SLC. aFabeer, H.6A82573.110aPsychology of Religion. c1976.20980